LEADER 01312nam a2200337 i 4500 001 991001410279707536 005 20020507192946.0 008 941004s1983 us ||| | eng 020 $a0817631380 035 $ab10843723-39ule_inst 035 $aLE01311857$9ExL 040 $aDip.to Matematica$beng 082 0 $a515.354 084 $aAMS 58-XX 084 $aLC QA372.K3313 100 1 $aKashiwara, Masaki$047448 245 10$aSystems of microdifferential equations /$cMasaki Kashiwara ; notes and translation by Teresa Monteiro Fernandes ; introduction by Jean-Luc Brylinski 260 $aBoston :$bBirkhauser,$c1983 300 $axv, 159 p. ;$c24 cm 490 0 $aProgress in mathematics [Birkhauser],$xISSN 0743-1643;$v34 500 $aBibliography: p. 150-159 500 $aTranslation of: Systemes d'equations micro-differentielles 650 4$aLinear differential equations 700 1 $aMonteiro Fernandes, Teresa 700 1 $aBrylinski, Jean-Luc 907 $a.b10843723$b23-02-17$c28-06-02 912 $a991001410279707536 945 $aLE013 58-XX KAS11 (1983)$g1$i2013000142043$lle013$o-$pE0.00$q-$rl$s- $t0$u0$v0$w0$x0$y.i10953930$z28-06-02 996 $aSystems of Microdifferential Equations$9380793 997 $aUNISALENTO 998 $ale013$b01-01-94$cm$da $e-$feng$gus $h0$i1 LEADER 02394nas 2200433 n 450 001 990008937530403321 005 20240229084532.0 011 $a0045-6039 035 $a000893753 035 $aFED01000893753 035 $a(Aleph)000893753FED01 035 $a000893753 091 $2CNR$aP 00013824 100 $a20161109b19721988km-y0itaa50------ba 101 0 $aeng 102 $aIR 110 $aauu-------- 200 1 $aCell differentiation 207 1$a1972-1988 210 $aAmsterdam$cElsevier Scientific Publishers Ireland 440 0$1001000893754$12001$aCell differentiation and development 530 0 $aCell differentiation 675 $a051 675 $a576.363 676 $a574.8761 712 02$aInternational Society of Developmental Biologists 801 0$aIT$bACNP$c20090723 859 4 $uhttp://acnp.cib.unibo.it/cgi-ser/start/it/cnr/dc-p1.tcl?catno=6540&person=false&language=ITALIANO&libr=&libr_th=unina1$zBiblioteche che possiedono il periodico 901 $aSE 912 $a990008937530403321 958 $aBiblioteca Interdipartimentale " G.Quagliariello " Dipartimento di biochimica e Biotecnologie mediche e Dipartimento di Biologia e Patologia cellulare e molecolare. Facoltà di Medicina e Chirurgia. Università degli Studi di Napoli "Federico II"$b1981-1988.$eDEPOSITO$fDMBBM 958 $aBiblioteca. Dipartimento Scienze Biologiche. Sezione di Genetica Biologia Generale e Molecolare. Università degli Studi Federico II$b1972-1988.$c1974-1977;$fDGBM 959 $aDMBBM 959 $aDGBM 996 $aCell Differentiation$9379384 997 $aUNINA AP1 8 $6866-01$aNA175 Biblioteca Interdipartimentale " G.Quagliariello " Dipartimento di biochimica e Biotecnologie mediche e Dipartimento di Biologia e Patologia cellulare e molecolare. Facoltà di Medicina e Chirurgia. Università degli Studi di Napoli "Federico II"$bDEPOSITO$eVia Pansini, 5, 80131 Napoli (NA)$m(081) 7463014$m(081) 7463652$nit AP1 8 $6866-02$aNA186 Biblioteca. Dipartimento Scienze Biologiche. Sezione di Genetica Biologia Generale e Molecolare. Università degli Studi Federico II$ev. Mezzocannone,8, Napoli (NA)$m(081) 2534610$m(081) 2535032$nit AP2 40$aacnp.cib.unibo.it$nACNP Italian Union Catalogue of Serials$uhttp://acnp.cib.unibo.it/cgi-ser/start/it/cnr/df-p.tcl?catno=6540&language=ITALIANO&libr=&person=&B=1&libr_th=unina&proposto=NO